Normal view
MARC view
- الزيدي، مفيد
Entry Personal Name
001 - CONTROL NUMBER
- control field: 60322
003 - CONTROL NUMBER IDENTIFIER
- control field: JO-AjAnu
005 - DATE AND TIME OF LATEST TRANSACTION
- control field: 20230606083848.0
008 - FIXED-LENGTH DATA ELEMENTS
- fixed length control field: 230606|| aca||aabn | a|a d
040 ## - CATALOGING SOURCE
- Original cataloging agency: JO-AjAnu
- Transcribing agency: JO-AjAnu
100 ## - HEADING--PERSONAL NAME
- Personal name: الزيدي، مفيد
670 ## - SOURCE DATA FOUND
- Source citation: Work cat.: (JO-AjAnu)30762: الزيدي، مفيد, author, التاريخ العربي بين الحداثة والمعاصرة